Sounds Like 2 Letters Quiz Stats

 Plays Quiz Updated Oct 4, 2018

Score 0/28 Timer 06:00
1 Play Today
Clue Word % Correct
A deadly sin; Shakespeare's 'green-eyed monster'Envy (NV)
74%
Like falling off a log or taking candy from a babyEasy (EZ)
71.9%
What that red light with a fuel pump
indicates about your car
Empty (MT)
69.3%
Adorable, like a baby girlCutie (QT)
67.9%
Neither Poison ___ nor Boston ___
are true members of this plant genus
Ivy (IV)
63.6%
Which card to pick, according to a magicianAny (NE)
60.4%
Conical aboriginal shelterTepee (TP)
60%
Between 1892 and 1954, this island was the first stop for 12 million US immigrantsEllis (LS)
58.7%
Treacherous road condition,
or coldly unfriendly like a stare
Icy (IC)
56.9%
Showbiz award first given out in LA in 1949Emmy (ME)
52.2%
In physics, spontaneous changes in nuclei; in teeth, what sugar can causeDecay (DK)
52%
Sheriff Andy Taylor's boy, played by Ronnie HowardOpie (OP)
42.5%
Jackie's 'Shanghai Noon' partnerOwen (ON)
39.5%
Jon Arbuckle's pet dog in the funny pagesOdie (OD)
38.5%
Clue Word % Correct
Type of penne pasta often served baked in a casseroleZiti (ZT)
37.5%
Like a pomegranate; also like a fleabag hotelSeedy (CD)
35.6%
Portia's partner and Paula's proxyEllen (LN)
34.2%
Type of question that requires an answer
too long for Sporcle
Essay (SA)
28.9%
Office software, or to get straight A'sExcel (XL)
28.7%
More than required or above what's allowedExcess (XS)
26.5%
First manufactured in 1913,
these dolls are often carnival prizes
Kewpie (QP)
25%
Small, round and glittering, like suspicious eyesBeady (BD)
25%
Nickname common to Baseball Hall of Famers Ford and HerzogWhitey (YT)
23.7%
A score short of a centuryEighty (AT)
21.9%
English county NE of London,
home to a famed Elizabethan Earl
Essex (SX)
19%
Former New Bohemian; now Mrs. Paul SimonEdie (ED)
16.5%
Three-time Formula One champ NelsonPiquet (PK)
8.3%
Wary or careful, as when avoiding a definite answerCagey (KG)
5.9%

You're not logged in!

Compare scores with friends on all Sporcle quizzes.
OR
Log In

Sporcle TV

Today on Sporcle TV


Watch our educational content, quiz creation guides, and fun videos on Sporcle TV.

Show Comments

Extras

Top Quizzes Today


Score Distribution

Your Account Isn't Verified!

In order to create a playlist on Sporcle, you need to verify the email address you used during registration. Go to your Sporcle Settings to finish the process.

Report this User

Report this user for behavior that violates our Community Guidelines.

Details: